Statistics for Hurricanes by wind speed

Click here to take the quiz!

General Stats

  • This quiz has been taken 9 times
    (7 since last reset)
  • The average score is 24 of 38

Answer Stats

Wind Speed (mph)AnswerWind Speed (km/h)% Correct
175 mphHurricane Andrew280 km/h
100%
175 mphHurricane Katrina280 km/h
100%
175 mphHurricane Camille280 km/h
80%
160 mphHurricane Carol260 km/h
80%
185 mphHurricane Dorian295 km/h
80%
185 mphHurricane Gilbert295 km/h
80%
180 mphHurricane Irma285 km/h
80%
175 mphHurricane Maria280 km/h
80%
165 mphHurricane Matthew270 km/h
80%
160 mphHurricane Michael260 km/h
80%
180 mphHurricane Mitch285 km/h
80%
185 mphHurricane Wilma295 km/h
80%
160 mphNew England Hurricane260 km/h
80%
160 mphCuba-Brownsville Hurricane260 km/h
60%
165 mphCuba Hurricane270 km/h
60%
190 mphHurricane Allen305 km/h
60%
175 mphHurricane David280 km/h
60%
175 mphHurricane Dean280 km/h
60%
160 mphHurricane Edith260 km/h
60%
160 mphHurricane Emily260 km/h
60%
175 mphHurricane Felix280 km/h
60%
160 mphHurricane Hugo260 km/h
60%
165 mphHurricane Inez270 km/h
60%
165 mphHurricane Ivan270 km/h
60%
175 mphHurricane Janet280 km/h
60%
180 mphHurricane Rita285 km/h
60%
185 mphLabor Day Hurricane295 km/h
60%
160 mphTampico Hurricane260 km/h
60%
160 mphBahamas Hurricane260 km/h
40%
160 mphGreat Atlantic Hurricane260 km/h
40%
175 mphHurricane Anita280 km/h
40%
160 mphHurricane Beulah260 km/h
40%
175 mphHurricane Camagüe280 km/h
40%
160 mphHurricane Esther260 km/h
40%
165 mphHurricane Hattie270 km/h
40%
165 mphHurricane Isabel270 km/h
40%
160 mphHurricane Lorenzo260 km/h
40%
160 mphOkeechobee Hurricane260 km/h
40%

Score Distribution

Percentile by Number Answered

Percent of People with Each Score

Your Score History

You have not taken this quiz since the last reset